000 00539nam a2200181Ia 4500
003 GCL
008 140319s9999 xx 000 0 ara d
040 _aGCL /
_cGCL
082 0 4 _a301.32
_bف م
100 1 _aفتحى محمد ابوعيانة
245 1 0 _aمشكلات السكان فى الوطن العربى /
_cفتحى محمد ابوعيانة
260 _a[S.N] :
_bدار المعرفة الجامعية
300 _a146 ص
490 _a
650 0 4 _aالسكان
650 0 4 _aالسكان - علم
942 _2ddc
_cBK
999 _c48614
_d48614